00490 2200193 4500001002100000005001500021035002000036245004200056100002500098250001500123300002600138700001800164700002000182260004000202082001100242084001700253020001800270990000800288INLIS00000000000023720230329045007 a0010-03230001101 aFiqh Muamalat /cAbdul Rahman Ghazaly0 aAbdul Rahman Ghazaly aEd.1,Cet.4 a336 hlm ;c15 x 23 cm0 aGhufron Ihsan0 aSapiudin Shidiq aJakarta :bPrenadamedia Grup,c2015 a297.42 a297.42 ABD f a9786028730488 a473